| 000 | 00533nam a2200193Ia 4500 | ||
|---|---|---|---|
| 003 | OSt | ||
| 005 | 20240729090850.0 | ||
| 008 | 210210b2008 xxu||||| |||| 00| 0 eng d | ||
| 040 | _cAL | ||
| 041 | _aeng | ||
| 082 | _a351.3 COMC | ||
| 100 |
_aCOMPETITION SUCCESS REVIEW _9174275 |
||
| 245 |
_aCivil services general studies prelims _bFull solved question papers 2007-1979 |
||
| 260 |
_aNew Delhi _bCompetition Review Pvt. Ltd. _c2008 |
||
| 300 | _a488 | ||
| 690 |
_aCivil Service _9174286 |
||
| 906 | _aSG05046 | ||
| 942 |
_2ddc _cSG |
||
| 999 |
_c133386 _d133386 |
||